[Event "IECC CL2-2002.15"]
[Site "IECC email"]
[Date "2002.05.09"]
[Round "?"]
[White "Sternik, Ryszard"]
[Black "Alvim, Antonio Carlos Rodr"]
[Result "1/2-1/2"]
[WhiteElo "1926"]
[BlackElo "2177"]
[PlyCount "46"]
[EventDate "2002.??.??"]
[EventType "tourn (corr)"]
[EventRounds "4"]
[SourceTitle "Corr 2008"]
[Source "ChessBase"]
[SourceDate "2008.06.24"]
[SourceVersion "1"]
[SourceVersionDate "2008.06.24"]
[SourceQuality "1"]

1. e4 c5 2. Nf3 d6 3. d4 cxd4 4. Nxd4 Nf6 5. Nc3 a6 6. Bg5 e6 7. f4 Qb6 8. Qd2 Qxb2 9. Rb1 Qa3 10. f5 Nc6 11. fxe6 fxe6 12. Nxc6 bxc6 13. e5 dxe5 14. Bxf6 gxf6 15. Ne4 Be7 16. Be2 h5 17. Rb3 Qa4 18. Nxf6+ Bxf6 19. c4 Ra7 20. 0-0 Rd7 21. Qe3 Rf7 22. Rxf6 Rxf6 23. Qxe5 Qxa2 1/2-1/2

[Event "IECC CL1-2002.05"]
[Site "IECC email"]
[Date "2002.03.14"]
[Round "?"]
[White "Rivest, Jean Michel"]
[Black "Alvim, Antonio Carlos Rodr"]
[Result "0-1"]
[WhiteElo "2200"]
[BlackElo "2181"]
[PlyCount "46"]
[EventDate "2002.??.??"]
[EventType "tourn (corr)"]
[EventRounds "4"]
[SourceTitle "Corr 2008"]
[Source "ChessBase"]
[SourceDate "2008.06.24"]
[SourceVersion "1"]
[SourceVersionDate "2008.06.24"]
[SourceQuality "1"]

1. e4 c5 2. Nf3 d6 3. Bb5+ Nc6 4. 0-0 Bd7 5. c3 Nf6 6. Re1 a6 7. Bf1 e5 8. d4 cxd4 9. cxd4 Bg4 10. d5 Nd4 11. Qd3 Bxf3 12. gxf3 Nd7 13. Nc3 Qf6 14. Bg2 Be7 15. Re3 Rc8 16. Bh3 Qh4 17. Bxd7+ Kxd7 18. Re1 Qh3 19. Re3 Bh4 20. Qd1 Bxf2+ 21. Kxf2 Qxh2+ 22. Kf1 Rxc3 23. Qa4+ b5 0-1

[Event "IECC CL1-2002.05"]
[Site "IECC email"]
[Date "2002.03.14"]
[Round "?"]
[White "Vercammen, Robert"]
[Black "Alvim, Antonio Carlos Rodr"]
[Result "1-0"]
[WhiteElo "2005"]
[BlackElo "2194"]
[PlyCount "41"]
[EventDate "2002.??.??"]
[EventType "tourn (corr)"]
[EventRounds "4"]
[SourceTitle "Corr 2008"]
[Source "ChessBase"]
[SourceDate "2008.06.24"]
[SourceVersion "1"]
[SourceVersionDate "2008.06.24"]
[SourceQuality "1"]

1. d4 Nf6 2. c4 e6 3. Nc3 Bb4 4. e3 c5 5. Nge2 b6 6. a3 Ba5 7. Rb1 Na6 8. Bd2 0-0 9. Ng3 Bb7 10. Bd3 cxd4 11. exd4 Bxc3 12. bxc3 d5 13. cxd5 Qxd5 14. Qe2 Nb8 15. f3 Qa2 16. 0-0 Qxa3 17. c4 Nc6 18. Qe3 Qd6 19. d5 exd5 20. Nf5 Qe7 21. Nxe7+ 1-0

[Event "IECC CL2-2002.02"]
[Site "IECC email"]
[Date "2002.01.16"]
[Round "?"]
[White "Alvim, Antonio Carlos Rodr"]
[Black "Westin, Ake"]
[Result "1/2-1/2"]
[WhiteElo "2192"]
[BlackElo "2045"]
[PlyCount "118"]
[EventDate "2002.??.??"]
[EventType "tourn (corr)"]
[EventRounds "4"]
[SourceTitle "Corr 2008"]
[Source "ChessBase"]
[SourceDate "2008.06.24"]
[SourceVersion "1"]
[SourceVersionDate "2008.06.24"]
[SourceQuality "1"]

1. e4 e6 2. d4 d5 3. Nd2 Nf6 4. e5 Nfd7 5. c3 c5 6. Bd3 Nc6 7. Ne2 cxd4 8. cxd4 f6 9. exf6 Qxf6 10. Nf3 Bd6 11. Bg5 Qf7 12. Bh4 e5 13. dxe5 Ndxe5 14. Nxe5 Bxe5 15. Qd2 0-0 16. 0-0 g6 17. Rac1 Bg7 18. f4 Bf5 19. Bb5 Rac8 20. Bf2 Rfe8 21. Nd4 Bd7 22. Nf3 a6 23. Ng5 Qf5 24. Bd3 Qf6 25. Be4 dxe4 26. Qxd7 Rb8 27. Qd5+ Kh8 28. Rce1 h6 29. Nxe4 Qxb2 30. Qf7 Rf8 31. Qxg6 Rxf4 32. Be3 Rxf1+ 33. Rxf1 Qe2 34. Bc5 Qc2 35. a3 Rd8 36. Qe6 Ne5 37. Qf5 b6 38. Be7 Rd1 39. Rxd1 Qxd1+ 40. Kf2 Qg4 41. Qxg4 Nxg4+ 42. Kg3 Ne5 43. Kf2 Kg8 44. Nd6 b5 45. Nf5 Kf7 46. Nxg7 Kxe7 47. Nf5+ Kf6 48. Ne3 Kg5 49. Ke2 Kf4 50. Nd5+ Ke4 51. Nc7 Nc4 52. Nxa6 Nxa3 53. Kd2 Kd4 54. Kc1 Kc3 55. g4 b4 56. Nxb4 Kxb4 57. h4 Nc4 58. g5 hxg5 59. hxg5 Ne5 1/2-1/2

[Event "IECC CL2-2001.34"]
[Site "IECC email"]
[Date "2001.10.01"]
[Round "?"]
[White "Rutkowski, Piotr"]
[Black "Alvim, Antonio Carlos Rodr"]
[Result "0-1"]
[WhiteElo "2064"]
[BlackElo "2126"]
[PlyCount "58"]
[EventDate "2001.??.??"]
[EventType "tourn (corr)"]
[EventRounds "4"]
[SourceTitle "Corr 2008"]
[Source "ChessBase"]
[SourceDate "2008.06.24"]
[SourceVersion "1"]
[SourceVersionDate "2008.06.24"]
[SourceQuality "1"]

1. d4 Nf6 2. c4 e6 3. Nc3 Bb4 4. e3 c5 5. Nge2 b6 6. a3 Ba5 7. Rb1 Na6 8. Bd2 Bb7 9. Nb5 Bxd2+ 10. Qxd2 d5 11. cxd5 Nxd5 12. Rd1 0-0 13. Ng3 Nf6 14. f3 cxd4 15. Qxd4 Qxd4 16. Rxd4 Nd5 17. Nd6 Nxe3 18. Nxb7 Nc2+ 19. Kd2 Nxd4 20. Bxa6 Rac8 21. Kd3 e5 22. Re1 Rc7 23. b4 Rd7 24. Kc3 Rc8+ 25. Kb2 Rc2+ 26. Kb1 Rxg2 27. Rxe5 g6 28. Re3 Rg1+ 29. Kb2 Rc7 0-1

[Event "IECC Swiss email"]
[Site "IECC email"]
[Date "2001.09.29"]
[Round "?"]
[White "Dunn, Carl"]
[Black "Alvim, Antonio Carlos Rodr"]
[Result "1/2-1/2"]
[WhiteElo "1882"]
[BlackElo "2136"]
[PlyCount "95"]
[EventDate "2001.??.??"]
[EventType "tourn (corr)"]
[EventRounds "6"]
[SourceTitle "Corr 2008"]
[Source "ChessBase"]
[SourceDate "2008.06.24"]
[SourceVersion "1"]
[SourceVersionDate "2008.06.24"]
[SourceQuality "1"]

1. Nf3 Nf6 2. e3 d5 3. b3 Bg4 4. Bb2 Nbd7 5. Be2 e6 6. h3 Bh5 7. c4 c6 8. Nc3 Bb4 9. 0-0 0-0 10. a3 Bd6 11. cxd5 exd5 12. Rc1 Qe7 13. a4 a5 14. Nd4 Bg6 15. Nf3 Ne4 16. Nxe4 dxe4 17. Ne1 f5 18. Nc2 Bf7 19. Nd4 Qe5 20. g3 Qf6 21. d3 Ne5 22. dxe4 fxe4 23. Qd2 Bb4 24. Bc3 Bxc3 25. Qxc3 Bd5 26. Bc4 Bxc4 27. bxc4 c5 28. Ne2 Nf3+ 29. Kh1 Qc6 30. Qc2 Rad8 31. Rcd1 Rd3 32. Nf4 Ra3 33. Rd5 h6 34. Rfd1 Re8 35. Nh5 Qxa4 36. Qxa4 Rxa4 37. Rd7 Kf8 38. Rxb7 Re7 39. Rxe7 Kxe7 40. Nxg7 Rxc4 41. Nf5+ Ke6 42. g4 a4 43. Kg2 a3 44. Nd6 Rb4 45. Nxe4 Rxe4 46. Kxf3 Ra4 47. Ra1 a2 48. Ke2 1/2-1/2

[Event "IECC CL2-2001.33"]
[Site "IECC email"]
[Date "2001.09.23"]
[Round "?"]
[White "Alvim, Antonio Carlos Rodr"]
[Black "Zohar, Noam"]
[Result "1/2-1/2"]
[WhiteElo "2180"]
[BlackElo "1865"]
[PlyCount "43"]
[EventDate "2001.??.??"]
[EventType "tourn (corr)"]
[EventRounds "4"]
[SourceTitle "Corr 2008"]
[Source "ChessBase"]
[SourceDate "2008.06.24"]
[SourceVersion "1"]
[SourceVersionDate "2008.06.24"]
[SourceQuality "1"]

1. e4 g6 2. d4 Bg7 3. Nc3 c5 4. Nf3 cxd4 5. Nxd4 Nc6 6. Be3 d6 7. Qd2 Nf6 8. f3 Bd7 9. 0-0-0 h5 10. Bc4 Ne5 11. Bb3 a6 12. f4 Neg4 13. Bg1 b5 14. a3 b4 15. axb4 a5 16. b5 a4 17. Bc4 a3 18. bxa3 Qa5 19. a4 Rc8 20. Nc6 Bxc6 21. bxc6 Qb4 22. Qd4 1/2-1/2

[Event "IECC Swiss email"]
[Site "IECC email"]
[Date "2001.08.27"]
[Round "?"]
[White "Hakuc, Waclaw"]
[Black "Alvim, Antonio Carlos Rodr"]
[Result "1/2-1/2"]
[WhiteElo "1670"]
[BlackElo "2143"]
[PlyCount "86"]
[EventDate "2001.??.??"]
[EventType "tourn (corr)"]
[EventRounds "6"]
[SourceTitle "Corr 2008"]
[Source "ChessBase"]
[SourceDate "2008.06.24"]
[SourceVersion "1"]
[SourceVersionDate "2008.06.24"]
[SourceQuality "1"]

1. e4 c5 2. Nf3 d6 3. d4 cxd4 4. Nxd4 Nf6 5. Nc3 e6 6. Bb5+ Bd7 7. Bg5 a6 8. Bd3 Nc6 9. Nf3 Be7 10. 0-0 Rc8 11. Qd2 0-0 12. Be2 Qb6 13. Rab1 Rfd8 14. a3 Ne5 15. Nd4 Nc4 16. Bxc4 Rxc4 17. Rfd1 h6 18. Be3 Qc7 19. Qd3 b5 20. Nf3 Rc8 21. Nd2 Rc6 22. h3 d5 23. exd5 Nxd5 24. Nxd5 exd5 25. c3 Rg6 26. Kh1 Rd8 27. Rbc1 Qe5 28. Bd4 Qh5 29. Re1 Bd6 30. Qe3 Bf5 31. Ra1 Re6 32. Qf3 Qg5 33. Be3 Qf6 34. Nf1 Qg6 35. Nd2 Be4 36. Nxe4 dxe4 37. Qe2 f5 38. Rad1 Rf8 39. Rxd6 Rxd6 40. Bc5 Rfd8 41. Bxd6 Qxd6 42. f3 Re8 43. c4 Qc6 1/2-1/2

[Event "IECC CL2-2001.29"]
[Site "IECC email"]
[Date "2001.08.24"]
[Round "?"]
[White "Alvim, Antonio Carlos Rodr"]
[Black "Muller, Henry"]
[Result "1-0"]
[WhiteElo "2162"]
[BlackElo "2026"]
[PlyCount "87"]
[EventDate "2001.??.??"]
[EventType "tourn (corr)"]
[EventRounds "4"]
[SourceTitle "Corr 2008"]
[Source "ChessBase"]
[SourceDate "2008.06.24"]
[SourceVersion "1"]
[SourceVersionDate "2008.06.24"]
[SourceQuality "1"]

1. e4 c5 2. Nf3 d6 3. c3 Nf6 4. Be2 Nc6 5. d4 cxd4 6. cxd4 Nxe4 7. d5 Qa5+ 8. Nc3 Nxc3 9. bxc3 Ne5 10. Nxe5 Qxc3+ 11. Bd2 Qxe5 12. 0-0 Qxd5 13. Bf3 Qb5 14. Rb1 Qd7 15. Qb3 e6 16. Bc3 Be7 17. Bxg7 Rg8 18. Bd4 Rg5 19. Be3 Rf5 20. Be4 Re5 21. Bxh7 b6 22. f4 Ra5 23. Bd2 Rc5 24. f5 Ba6 25. fxe6 fxe6 26. Bg6+ Kd8 27. Rf7 Bc4 28. Qh3 Rac8 29. Be1 Bxa2 30. Qh8+ Qe8 31. Qxe8+ Kxe8 32. Rf2+ Kd7 33. Rxa2 R8c7 34. h4 Rc1 35. Raa1 R1c4 36. h5 Bf6 37. Ra3 Rf4 38. Bd2 Bd4+ 39. Be3 Bxe3+ 40. Rxe3 Ke7 41. h6 Rh4 42. h7 Kf6 43. Bd3 e5 44. Rf1+ 1-0

[Event "IECC Swiss email"]
[Site "IECC email"]
[Date "2001.07.07"]
[Round "?"]
[White "McCarthy, Michael"]
[Black "Alvim, Antonio Carlos Rodr"]
[Result "0-1"]
[WhiteElo "1365"]
[BlackElo "2167"]
[PlyCount "62"]
[EventDate "2001.??.??"]
[EventType "tourn (corr)"]
[EventRounds "6"]
[SourceTitle "Corr 2008"]
[Source "ChessBase"]
[SourceDate "2008.06.24"]
[SourceVersion "1"]
[SourceVersionDate "2008.06.24"]
[SourceQuality "1"]

1. b4 d5 2. Nf3 Bg4 3. Bb2 Nd7 4. e3 Ngf6 5. a3 e5 6. Be2 Bd6 7. 0-0 0-0 8. h3 Be6 9. Nc3 c6 10. Ng5 Bf5 11. Na4 Qe7 12. c4 dxc4 13. Bxc4 b5 14. Bxf7+ Rxf7 15. Nxf7 Qxf7 16. Nc3 Bd3 17. Re1 e4 18. f3 Bg3 19. fxe4 Bxe1 20. Qxe1 Qb3 21. Bc1 Ne5 22. Qg3 Re8 23. Kh2 Nxe4 24. Nxe4 Bxe4 25. Qf4 Nd3 26. Qd6 Rf8 27. Qd4 Qe6 28. Bb2 Nxb2 29. Qxb2 Rf2 30. Rg1 Qd6+ 31. Kh1 Qg3 0-1

[Event "IECC CL2-2001.22"]
[Site "IECC email"]
[Date "2001.06.16"]
[Round "?"]
[White "Ventimiglia, Charles"]
[Black "Alvim, Antonio Carlos Rodr"]
[Result "1/2-1/2"]
[WhiteElo "1936"]
[BlackElo "2198"]
[PlyCount "86"]
[EventDate "2001.??.??"]
[EventType "tourn (corr)"]
[EventRounds "4"]
[SourceTitle "Corr 2008"]
[Source "ChessBase"]
[SourceDate "2008.06.24"]
[SourceVersion "1"]
[SourceVersionDate "2008.06.24"]
[SourceQuality "1"]

1. e4 c5 2. Nf3 d6 3. d4 cxd4 4. Nxd4 Nf6 5. f3 e6 6. Nc3 a6 7. Be3 Be7 8. Qd2 b5 9. g4 Bb7 10. 0-0-0 b4 11. Nce2 d5 12. e5 Nfd7 13. f4 Nb6 14. Qe1 Nc4 15. Bf2 Nd7 16. Kb1 a5 17. Nc1 0-0 18. Nd3 Qc7 19. h4 Nc5 20. Nxc5 Bxc5 21. h5 Qb6 22. h6 g6 23. Rh3 a4 24. Rf3 Rac8 25. Kc1 b3 26. axb3 a3 27. bxa3 Nxa3 28. c3 Bxd4 29. Bxd4 Qxb3 30. Rf2 Qb1+ 31. Kd2 Qb2+ 32. Kd3 Qb3 33. Rc1 Ba6+ 34. Kd2 Bxf1 35. Qxf1 Nc4+ 36. Ke1 Rb8 37. f5 Qa3 38. Rd1 exf5 39. gxf5 Nxe5 40. fxg6 Nxg6 41. Qd3 Qe7+ 42. Kf1 Qe4 43. Kg1 Rfe8 1/2-1/2

[Event "IECC Swiss email"]
[Site "IECC email"]
[Date "2001.05.31"]
[Round "?"]
[White "Alvim, Antonio Carlos Rodr"]
[Black "Hakuc, Waclaw"]
[Result "1-0"]
[WhiteElo "2197"]
[BlackElo "1669"]
[PlyCount "75"]
[EventDate "2001.??.??"]
[EventType "tourn (corr)"]
[EventRounds "6"]
[SourceTitle "Corr 2008"]
[Source "ChessBase"]
[SourceDate "2008.06.24"]
[SourceVersion "1"]
[SourceVersionDate "2008.06.24"]
[SourceQuality "1"]

1. e4 e5 2. Nf3 Nc6 3. d4 exd4 4. c3 dxc3 5. Bc4 cxb2 6. Bxb2 Bb4+ 7. Nc3 Nf6 8. Qc2 0-0 9. 0-0-0 Bd6 10. Kb1 Ne5 11. Bb3 Nxf3 12. gxf3 Ne8 13. Nd5 c6 14. Nf6+ Nxf6 15. Rxd6 Ne8 16. Rg1 Kh8 17. Qc5 b6 18. Rxd7 bxc5 19. Rxd8 f6 20. Ba3 Bb7 21. Rxa8 Bxa8 22. Bxc5 Nd6 23. Bxd6 Re8 24. Rd1 Rd8 25. f4 Bb7 26. e5 Ba6 27. e6 Be2 28. e7 Re8 29. Rd2 Bh5 30. Be6 g5 31. Bd7 Rg8 32. fxg5 Rxg5 33. e8Q+ Bxe8 34. Bxe8 c5 35. f4 Rg8 36. Bf7 Rc8 37. Rg2 h5 38. Be7 1-0

[Event "IECC Swiss email"]
[Site "IECC email"]
[Date "2001.04.25"]
[Round "?"]
[White "Dunn, Carl"]
[Black "Alvim, Antonio Carlos Rodr"]
[Result "0-1"]
[WhiteElo "1871"]
[BlackElo "2194"]
[PlyCount "112"]
[EventDate "2001.??.??"]
[EventType "tourn (corr)"]
[EventRounds "6"]
[SourceTitle "Corr 2008"]
[Source "ChessBase"]
[SourceDate "2008.06.24"]
[SourceVersion "1"]
[SourceVersionDate "2008.06.24"]
[SourceQuality "1"]

1. e4 c5 2. b3 Nc6 3. Bb2 d6 4. Bb5 Bd7 5. Ne2 Nf6 6. d3 Qa5+ 7. Nbc3 e6 8. 0-0 a6 9. a4 Be7 10. Bc4 0-0 11. f4 Nb4 12. d4 d5 13. exd5 exd5 14. Bd3 Rac8 15. Ng3 Nxd3 16. Qxd3 c4 17. Qd2 Bb4 18. Rac1 Rc6 19. Rf3 Rfc8 20. h3 Ne4 21. Ngxe4 dxe4 22. Rg3 f5 23. Kh2 cxb3 24. cxb3 Qb6 25. Qe3 Bf8 26. d5 Qxe3 27. Rxe3 Rb6 28. Ne2 Rxc1 29. Bxc1 Be8 30. Rc3 Rd6 31. Rc8 Kf7 32. Rc7+ Rd7 33. Rxd7+ Bxd7 34. Be3 Bb4 35. Nd4 Ke7 36. Nc2 Bd6 37. g3 g6 38. Bb6 Be8 39. Ne3 Bf7 40. Kg2 Bb4 41. Ba7 Kd6 42. Bb8+ Kc5 43. Ba7+ b6 44. Kf1 Bc3 45. Ke2 h5 46. Kd1 Bxd5 47. Bxb6+ Kc6 48. Nxd5 Kxd5 49. Bf2 Bd4 50. Be1 h4 51. gxh4 e3 52. Ke2 Ke4 53. Bg3 Bc5 54. Bh2 a5 55. Bg3 Bb4 56. Bh2 Bd6 0-1

[Event "IECC CL1-2000.14"]
[Site "IECC email"]
[Date "2000.04.28"]
[Round "?"]
[White "Alvim, Antonio Carlos Rodr"]
[Black "Guzman, Carlos M"]
[Result "0-1"]
[WhiteElo "2231"]
[BlackElo "2192"]
[PlyCount "72"]
[EventDate "2000.??.??"]
[EventType "tourn (corr)"]
[EventRounds "4"]
[SourceTitle "Corr 2008"]
[Source "ChessBase"]
[SourceDate "2008.06.24"]
[SourceVersion "1"]
[SourceVersionDate "2008.06.24"]
[SourceQuality "1"]

1. e4 e6 2. d4 d5 3. Nd2 Nc6 4. Ngf3 Nf6 5. e5 Nd7 6. Bb5 a5 7. 0-0 Na7 8. Bd3 b6 9. c4 Bb7 10. cxd5 Bxd5 11. Ne4 c5 12. dxc5 Nxc5 13. Nxc5 Bxc5 14. Qe2 Rc8 15. Rd1 Qc7 16. Be3 Bxe3 17. Qxe3 Bxf3 18. gxf3 0-0 19. f4 g6 20. Ba6 Rcd8 21. Rdc1 Qb8 22. Be2 Rd7 23. b4 axb4 24. Rc4 Nc8 25. Rxb4 Rfd8 26. a4 Qa7 27. h4 Qa5 28. Rab1 h5 29. Qg3 Kh7 30. Qg5 Ne7 31. Bf3 Nd5 32. Rc4 Nc3 33. Rbb4 Nd1 34. Bxh5 b5 35. Re4 Qa7 36. Re2 Nxf2 0-1